[Event "Highlands Open A"]
[Site "Zdar nad Sazavou CZE"]
[Date "2007.09.25"]
[Round "4"]
[White "Biolek,R1"]
[Black "Svoboda,V2"]
[Result "1/2-1/2"]
[WhiteElo "2250"]
[BlackElo "2204"]

1.e4 c5 2.Nc3 Nc6 3.Nge2 d6 4.d4 cxd4 5.Nxd4 Nf6 6.Bg5 e6 7.Qd2 Be7 8.O-O-O O-O
9.f4 Qa5 10.Kb1 h6 11.Nxc6 bxc6 12.Bxf6 Bxf6 13.Nd5 Qxd2 14.Nxf6+ gxf6 15.Rxd2 d5
16.exd5 cxd5 17.g3 Bb7 18.Bg2 Rac8 19.Re1 f5 20.Rd4 Ba8 21.c3 Rc7 22.Kc2 Rfc8
23.Bf1 Kf8 24.Bd3 Bb7 25.Kd2 Ba8 26.Re2 Kg7 27.Rb4  1/2-1/2

[Event "Vados IM"]
[Site "Arad ROM"]
[Date "2007.09.26"]
[Round "7"]
[White "Paschall,W"]
[Black "Butunoi,A"]
[Result "0-1"]
[WhiteElo "2353"]
[BlackElo "2374"]

1.e4 c5 2.Nc3 Nc6 3.Bb5 Nd4 4.Bc4 g6 5.Nf3 Bg7 6.Nxd4 cxd4 7.Qf3 Nh6 8.d3 Qa5
9.Bxh6 Bxh6 10.Qxf7+ Kd8 11.Qd5 Qxd5 12.Nxd5 e6 13.Nf6 Bg7 14.e5 d5 15.Bb3 Bxf6
16.exf6 Rf8 17.f4 Rxf6 18.g3 Bd7 19.Kd2 Kc7 20.Rae1 Rf5 21.h4 h6 22.c3 dxc3+
23.Kxc3 Kd6 24.Kd4 g5 25.hxg5 hxg5 26.Re5 Raf8 27.Rh5 Rxf4+ 28.gxf4 Rxf4+
29.Ke3 d4+ 30.Ke2 Kxe5 31.Rxg5+ Kf6 32.Rh5 e5 33.Bd5 Bg4+  0-1

[Event "16th Monarch Assurance"]
[Site "Port Erin IOM"]
[Date "2007.09.27"]
[Round "6"]
[White "Bartel,Mat"]
[Black "Kuzubov,Y"]
[Result "1/2-1/2"]
[WhiteElo "2609"]
[BlackElo "2568"]

1.e4 c5 2.Nc3 Nc6 3.Nge2 Nf6 4.g3 d5 5.exd5 Nxd5 6.Bg2 Nxc3 7.bxc3 e6 8.O-O Be7
9.c4 O-O 10.d3 Bd7 11.Rb1 b6 12.g4 Rc8 13.f4 Nd4 14.Be3 Ba4 15.Rc1  1/2-1/2

[Event "6th ch-Asia"]
[Site "Cebu City PHI"]
[Date "2007.09.28"]
[Round "10"]
[White "Gopal,G"]
[Black "Dao Thien Hai"]
[Result "1-0"]
[WhiteElo "2480"]
[BlackElo "2537"]

1.e4 c5 2.Nf3 Nc6 3.Nc3 d6 4.d4 cxd4 5.Nxd4 Nf6 6.Bg5 e6 7.Qd2 Qb6 8.Bxf6 gxf6
9.Nb3 a6 10.O-O-O Qc7 11.f4 b5 12.Kb1 Bd7 13.f5 b4 14.fxe6 fxe6 15.Ne2 a5
16.Nbd4 Nxd4 17.Nxd4 Qc5 18.g3 Rc8 19.Bh3 Qe5 20.Rhe1 Rc7 21.Qe2 Kf7 22.Nf3 Qh5
23.Qf2 Kg7 24.Qg2 Be7 25.Nd4 Kf7 26.e5 dxe5 27.Bxe6+ Bxe6 28.Nxe6 Rcc8 29.Qd5 Kg6
30.g4 Qxh2 31.Rd2 Qg3 32.Rh1 Qe3 33.Rdh2 h5 34.gxh5+ Kh6 35.Ng7 Kxg7 36.Rg2+ Kf8
37.Rhg1 Qxg1+ 38.Rxg1 Rd8 39.Qc4 Rd4 40.Qe6 Rd6 41.Qg4 Ke8 42.Qg7 Rf8 43.h6 f5
44.Qxe5 Rxh6 45.a4 Rd6 46.Qb5+ Kd8 47.Qxa5+ Kd7 48.Qa7+ Ke8 49.Re1 Rf7 50.a5 f4
51.a6 Rd8 52.Qb6 f3 53.a7 f2 54.Qxd8+  1-0

[Event "Open"]
[Site "Miami USA"]
[Date "2007.09.28"]
[Round "5"]
[White "Bachmann,Ax"]
[Black "Shabalov,A"]
[Result "0-1"]
[WhiteElo "2466"]
[BlackElo "2637"]

1.e4 c5 2.Nf3 Nc6 3.Nc3 e6 4.Bb5 Nge7 5.O-O Ng6 6.Bxc6 bxc6 7.Re1 Be7 8.e5 O-O
9.Ne4 Qc7 10.d4 cxd4 11.Qxd4 c5 12.Qc3 Bb7 13.Bg5 Bxg5 14.Nexg5 f6 15.exf6 Rxf6
16.Ne4 Rf5 17.Rad1 Raf8 18.Nd6 Rxf3 19.gxf3 Nh4 20.Re3 Nxf3+ 21.Rxf3 Bxf3
22.Rd3 Bh5 23.Rg3 Bg6 24.Qe5 Qa5 25.h4 Qd2 26.Qxc5 Bxc2 27.f3 Qf4 28.Kg2 Bd1
29.Qc3 Bxf3+ 30.Rxf3 Qxd6 31.Rxf8+ Kxf8 32.Qf3+ Ke7  0-1

[Event "TCh-BEL 2007-8"]
[Site "Belgium BEL"]
[Date "2007.09.30"]
[Round "1"]
[White "Donovan,L"]
[Black "Renette,H"]
[Result "1/2-1/2"]
[WhiteElo "2124"]
[BlackElo "2273"]

1.e4 c5 2.Nc3 Nc6 3.Bb5 Nd4 4.Bc4 e6 5.Nf3 a6 6.Nxd4 cxd4 7.Ne2 Nf6 8.d3 Bc5
9.Bb3 d5 10.Ng3 dxe4 11.Nxe4 Nxe4 12.dxe4 Qh4 13.Qf3 Bd7 14.g3 Bb4+ 15.Bd2 Bxd2+
16.Kxd2 Qg5+ 17.Qf4 Qa5+ 18.Kc1 Bc6 19.Rd1 Rd8 20.Kb1 O-O 21.a4 Rd7 22.f3 Rfd8
23.Qd2 Qc5 24.Qd3 g6 25.Bc4 Rc8 26.Bb3 Kg7 27.Rf1 b5 28.a5 b4 29.Ba4 e5 30.Rd1 Rb7
31.Bxc6 Rxc6 32.Qb3 Rb5 33.Ra4 Rc7 34.Rd3 Rcb7 35.Qa2 b3 36.cxb3 Qc8 37.Rc4 Qh3
38.Rc1 Qxh2 39.Qa4 Qxg3 40.Qc4 Qf4 41.Qc6 Rxb3 42.Rxb3 Rxb3 43.Qxa6 Qxf3
44.Qc6 d3 45.Qd5 d2 46.Qxe5+ Qf6 47.Qxf6+ Kxf6 48.Rf1+ Ke5 49.Kc2 Rb5 50.Rxf7 Rxb2+
51.Kd1 h5 52.Re7+ Kf4 53.Ke2 Ra2 54.Re6 h4 55.Rxg6 h3 56.Rh6 h2 57.Rh4+ Kg3
58.Rh8 d1=Q+ 59.Kxd1 h1=Q+ 60.Rxh1 Ra1+ 61.Kc2 Rxh1 62.Kb3 Kf4 63.Kc4 Rh5
64.Kb4 Kxe4 65.a6 Kd5 66.a7 Rh8 67.Kb5 Kd6 68.Kb6 Rg8 69.Kb7 Rg7+ 70.Kb6 Rg8
71.Kb7 Rg7+ 72.Kb6 Rxa7 73.Kxa7  1/2-1/2

[Event "TCh-BEL 2007-8"]
[Site "Belgium BEL"]
[Date "2007.09.30"]
[Round "1"]
[White "Marechal,A"]
[Black "Nieto,E"]
[Result "1/2-1/2"]
[WhiteElo "2296"]
[BlackElo "2218"]

1.e4 c5 2.Nc3 Nc6 3.Bb5 Qc7 4.Nf3 e6 5.O-O a6 6.Bxc6 Qxc6 7.d4 cxd4 8.Qxd4 b5
9.Bf4 f6 10.Qd3 Bc5 11.Rad1 Bb7 12.a3 Ne7 13.Be3 Bxe3 14.Qxe3 O-O 15.Rd2 Rad8
16.Rfd1 Nc8 17.Nd4 Qc7 18.Qg3 Qxg3 19.hxg3 Kf7 20.Nb3 Nb6 21.Na5 Ba8 22.f3 d5
23.exd5 Bxd5 24.Nxd5 Rxd5 25.Kf2 Rc8  1/2-1/2

[Event "Open"]
[Site "Miami USA"]
[Date "2007.09.30"]
[Round "8"]
[White "Hernandez Guerrero,G"]
[Black "Izoria,Z"]
[Result "0-1"]
[WhiteElo "2536"]
[BlackElo "2645"]

1.e4 c5 2.Nc3 Nc6 3.Bb5 Nd4 4.Bc4 e6 5.Nge2 Nf6 6.O-O a6 7.a4 Nxe4 8.Nxe4 d5
9.Bd3 dxe4 10.Bxe4 Bd6 11.Nxd4 cxd4 12.Qh5 g6 13.Qe2 Qc7 14.Kh1 O-O 15.c3 Be5
16.a5 Bd7 17.c4 Bg7 18.d3 f5 19.Bf3 Rae8 20.Bd2 e5 21.Bb4 Rf7 22.Bd5 Be6
23.Rac1 Qd7 24.Bxe6 Rxe6 25.f3 h5 26.Bd2 Rfe7 27.b4 Kh7 28.h3 e4 29.fxe4 fxe4
30.dxe4 Rxe4 31.Qd3 Qe6 32.Rf3 Re2 33.Rcf1 Qe4 34.Qxe4 R7xe4 35.Rd3 Bh6 36.Rd1 Bxd2
37.R1xd2 Rxd2 38.Rxd2 Kg7 39.Kg1 Kf6 40.Kf2 Ke5 41.Rd3 Rf4+ 42.Ke2 Ke4 43.Rg3 d3+
44.Ke1 Kd4  0-1

[Event "GM"]
[Site "Corfu GRE"]
[Date "2007.10.01"]
[Round "1"]
[White "Shavtvaladze,N"]
[Black "Nikolaidis,K"]
[Result "1-0"]
[WhiteElo "2408"]
[BlackElo "2314"]

1.e4 c5 2.Nc3 Nc6 3.Bb5 Nd4 4.Bc4 e6 5.Nge2 Nf6 6.O-O a6 7.a4 d5 8.exd5 exd5
9.Ba2 Be7 10.Nf4 Bg4 11.f3 Be6 12.Nce2 Nc6 13.d4 cxd4 14.Nxd4 Qb6 15.Be3 Bc5
16.c3 Qxb2 17.Nd3 Qb6 18.Rb1 Qa7 19.Nxc5 Qxc5 20.Rxb7 O-O 21.Qd2 Qd6 22.Rfb1 Rfc8
23.Nxc6 Qxc6 24.Bd4 Ne8 25.a5 Qa4 26.Re7 Rc7 27.Rb4 Qa3 28.Rxc7 Nxc7 29.Bb1 Ne8
30.Qc2 g6 31.Qe2 Qc1+ 32.Kf2 Qg5 33.g3 h5 34.h4 Qh6 35.Rb6 Nc7 36.Bd3 Re8
37.Qe5  1-0

[Event "WJun Girls"]
[Site "Yerevan ARM"]
[Date "2007.10.03"]
[Round "1"]
[White "Grigorian,Mar"]
[Black "Vega Gutierrez,S"]
[Result "1/2-1/2"]
[WhiteElo "2078"]
[BlackElo "2331"]

1.e4 c5 2.Nc3 Nc6 3.Bb5 e6 4.Bxc6 bxc6 5.d3 f6 6.f4 Nh6 7.Nf3 c4 8.dxc4 Qb6
9.Qe2 Ba6 10.b3 Bb4 11.Bd2 O-O 12.Na4 Bxd2+ 13.Qxd2 Qc7 14.O-O d5 15.exd5 exd5
16.Nd4 Qd6 17.c5 Qd7 18.Rfe1 Nf5 19.Nb2 Rfe8 20.Rad1 h5 21.Qf2 h4 22.h3 Ng3
23.c4 Rxe1+ 24.Qxe1 Re8 25.Qa5 Bc8 26.cxd5 Qxd5 27.Nf3 Qh5 28.Qc7 Qxc5+ 29.Kh2 Qf2
30.Nd3 Nf1+ 31.Kh1 Ng3+ 32.Kh2 Nf1+ 33.Kh1 Ng3+ 34.Kh2 Nf1+  1/2-1/2

[Event "WJun"]
[Site "Yerevan ARM"]
[Date "2007.10.06"]
[Round "4"]
[White "Bulski,K"]
[Black "Momeni,E"]
[Result "1-0"]
[WhiteElo "2421"]
[BlackElo "2249"]

1.e4 c5 2.Nc3 Nc6 3.Bb5 Nd4 4.Bc4 g6 5.Nf3 Bg7 6.Nxd4 cxd4 7.Qf3 Nh6 8.Ne2 O-O
9.d3 Ng4 10.Bb3 d6 11.Qg3 a5 12.a4 Qb6 13.h4 h5 14.Nf4 e6 15.Nh3 Re8 16.O-O Ne5
17.Bf4 Bd7 18.Bxe5 dxe5 19.f4 Qd6 20.Rf3 exf4 21.Nxf4 Qe5 22.Raf1 b5 23.axb5 Bxb5
24.Qf2 a4 25.Ba2 Re7 26.Kh1 Be8 27.Rg3 Rb8 28.Rg5 Qc7 29.Nxh5 gxh5 30.Qf6  1-0

[Event "IV Amateur Open"]
[Site "Calvia ESP"]
[Date "2007.10.07"]
[Round "2"]
[White "Rhein,K"]
[Black "Zoltek,T"]
[Result "1-0"]
[WhiteElo "2118"]
[BlackElo "2223"]

1.e4 c5 2.Nc3 Nc6 3.Bb5 g6 4.Bxc6 bxc6 5.f4 Bg7 6.Nf3 d5 7.e5 Nh6 8.O-O O-O
9.d3 Rb8 10.Rb1 Bg4 11.Qe1 Nf5 12.Ng5 h6 13.h3 hxg5 14.hxg4 Nd4 15.f5 Nxc2
16.Qd2 Bxe5 17.Qxc2 Bd4+ 18.Kh2 Be5+ 19.g3 f6 20.Ne2 Qd6 21.b4 Kg7 22.bxc5 Qd7
23.d4 Bc7 24.Rxb8 Rxb8 25.Kg2 e5 26.Bb2 e4 27.Bc3 Rh8 28.Qa4 Bb8 29.Qa6 gxf5
30.gxf5 Bc7 31.Ba5 Bxa5 32.Qxa5 Rb8 33.Qa3 Qb7 34.g4 a6 35.Rh1 Qb5 36.Kf2 Re8
37.Qh3  1-0

[Event "WJun"]
[Site "Yerevan ARM"]
[Date "2007.10.07"]
[Round "5"]
[White "Simonian,H"]
[Black "Galic,I"]
[Result "1/2-1/2"]
[WhiteElo "2405"]
[BlackElo "2255"]

1.e4 c5 2.Nc3 Nc6 3.Bb5 Nd4 4.Bc4 e6 5.Nf3 Nf6 6.O-O a6 7.e5 d5 8.exf6 dxc4
9.fxg7 Bxg7 10.d3 cxd3 11.cxd3 Bd7 12.Ne4 Bc6 13.Nxd4 Bxd4 14.Bg5 Qd5 15.Rc1 b6
16.Rc4 Rg8 17.Qh5 Rg6 18.Qxh7 Rxg5 19.Rxd4 Rxg2+ 20.Kxg2 Qxd4 21.f3 O-O-O
22.Qxf7 Qxd3 23.Rf2 Rd7 24.Qxe6 Bxe4 25.fxe4 Kb7 26.Qe5 Qc4 27.h4 Ka7 28.a3 Qg8+
29.Kh2 Qg4 30.Qf4 Qd1 31.Qf5 Re7 32.Qg5 Qd6+ 33.Qf4 Qe6 34.Qf5 Qd6+ 35.Qf4 Qe6
36.e5 a5 37.Re2 Rg7 38.Rg2 Rf7 39.Qe4 Re7 40.Re2 Rd7 41.Qf4 Rd3 42.Kg1 Rd1+
43.Kh2 Rd3 44.Kg1 Qh3 45.Kf2 Rd1 46.Re1 Rd4 47.Re4 Rd1  1/2-1/2

[Event "WJun Girls"]
[Site "Yerevan ARM"]
[Date "2007.10.07"]
[Round "5"]
[White "Hoolt,S"]
[Black "Nebolsina,V"]
[Result "0-1"]
[WhiteElo "2199"]
[BlackElo "2349"]

1.e4 c5 2.Nf3 Nc6 3.Nc3 d6 4.Bb5 Bd7 5.O-O Nf6 6.Re1 e5 7.a4 Be7 8.Nd5 Nxd5
9.exd5 Nb4 10.c3 Nxd5 11.Bxd7+ Qxd7 12.d4 exd4 13.cxd4 c4 14.Ng5 Nf6 15.d5 O-O
16.Ra3 Rae8 17.Bf4 h6 18.Nh3 Qf5 19.Rf3 Qxd5 20.Qc1 Ne4 21.Rfe3 Bd8 22.Qc2 f5
23.f3 Bb6 24.fxe4 Rxe4 25.Kh1 Bxe3 26.Bxe3 Rfe8 27.Rd1 Qc6 28.Bd4 Re2  0-1

[Event "FSIM October"]
[Site "Budapest HUN"]
[Date "2007.10.09"]
[Round "4"]
[White "Cooke,E"]
[Black "Paschall,W"]
[Result "0-1"]
[WhiteElo "2253"]
[BlackElo "2352"]

1.e4 c5 2.Nf3 Nc6 3.Nc3 d6 4.d4 cxd4 5.Nxd4 Nf6 6.Bc4 e6 7.Be3 a6 8.Bb3 Qc7
9.Qe2 Na5 10.g4 b5 11.g5 Nd7 12.f4 Nc5 13.f5 b4 14.Na4 Naxb3 15.cxb3 Qb7
16.fxe6 fxe6 17.O-O Nxa4 18.bxa4 Qxe4 19.Rf4 Qd5 20.Rd1 Bb7 21.Nf3 Qc6 22.Rc1 Qd5
23.Rd1 Qc6 24.Rc1 Qd7 25.g6 e5 26.Rxb4 Rc8 27.Rf1 Be7 28.gxh7 a5 29.Ng5 axb4
30.Qh5+ Kd8 31.Bb6+ Rc7 32.Rc1 g6 33.Rxc7 gxh5 34.Nf7+ Ke8 35.Rxd7 Kxd7 36.Nxh8 Bf6
37.Ng6 Ke6 38.Bd8 Bg7 39.h8=Q Bxh8 40.Nxh8 d5 41.Ng6 Kf5 42.Nh4+ Kg4 43.Kf2 d4
44.Ng6 e4 45.Bb6 e3+ 46.Ke1 Kf5 47.Bxd4 Kxg6 48.Ke2  0-1

[Event "3rd Arctic Cup"]
[Site "Salekhard RUS"]
[Date "2007.10.09"]
[Round "2"]
[White "Munnik,T"]
[Black "Zapankova,G"]
[Result "1-0"]
[WhiteElo "1982"]
[BlackElo "1857"]

1.e4 c5 2.Nc3 Nc6 3.Bb5 g6 4.Nf3 Bg7 5.Bxc6 dxc6 6.d3 e5 7.Be3 Qd6 8.O-O Ne7
9.Nd2 b6 10.Nc4 Qd8 11.Qc1 Be6 12.Bh6 Bf6 13.a4 Nc8 14.Ne3 g5 15.Nf5 Rg8
16.h4 gxh4 17.Qe3 Ne7 18.Qf3 Rg6 19.Qh5 Qd7 20.Nxh4 Bg4  1-0

[Event "WJun"]
[Site "Yerevan ARM"]
[Date "2007.10.09"]
[Round "7"]
[White "Alaguzov,M"]
[Black "Corrales Jimenez,F"]
[Result "0-1"]
[WhiteElo "2200"]
[BlackElo "2513"]

1.e4 c5 2.Nf3 Nc6 3.Nc3 Nf6 4.Bb5 Nd4 5.e5 Nxb5 6.Nxb5 Nd5 7.Ng5 f5 8.exf6 Nxf6
9.d4 Qb6 10.a4 a6 11.dxc5 Qxc5 12.Nc3 g6 13.Be3 Qc6 14.O-O Bg7 15.Bd4 O-O
16.Re1 e6 17.Nce4 Nxe4 18.Nxe4 e5 19.Bc5 Rf4 20.Qd3 d5 21.c4 dxe4 22.Qd8+ Bf8  0-1

[Event "FSGM October"]
[Site "Budapest HUN"]
[Date "2007.10.11"]
[Round "6"]
[White "Fogarasi,T"]
[Black "Arjun,V"]
[Result "1/2-1/2"]
[WhiteElo "2428"]
[BlackElo "2394"]

1.e4 c5 2.Nf3 Nc6 3.Nc3 e5 4.Bb5 d6 5.d3 Ne7 6.a3 g6 7.Bg5 Be6 8.Bf6 Rg8
9.Ng5 h6 10.Nh7 Bg7 11.Qd2 Rh8 12.Bxg7 Rxh7 13.Bxh6 f6 14.Be3 g5 15.Bc4 Qd7
16.Nd5 Kf7 17.f3 Rah8 18.h3 Bxd5 19.Bxd5+ Nxd5 20.exd5 Nd4 21.Bxd4 cxd4 22.c4 dxc3
23.bxc3 Qb5 24.c4 Qc5 25.Ke2 b5 26.Qb4 bxc4 27.Qxc5 cxd3+ 28.Kxd3 dxc5 29.Kc4 Ke7
30.Kxc5 Rc8+ 31.Kb5 Kd6 32.Rhc1  1/2-1/2

[Event "WJun Girls"]
[Site "Yerevan ARM"]
[Date "2007.10.11"]
[Round "8"]
[White "Grigorian,Mar"]
[Black "Gomes,Ma"]
[Result "0-1"]
[WhiteElo "2078"]
[BlackElo "2262"]

1.e4 c5 2.Nc3 Nc6 3.Bb5 Nd4 4.Bc4 e6 5.Nf3 a6 6.a4 Ne7 7.Nxd4 cxd4 8.Ne2 d5
9.exd5 Nxd5 10.d3 Nf6 11.O-O Bd6 12.Nxd4 Bxh2+ 13.Kxh2 Qxd4 14.c3 Qh4+ 15.Kg1 Bd7
16.Qf3 Bc6 17.Qh3 Qxh3 18.gxh3 Rd8 19.d4 g5 20.Kh2 Rg8 21.Rg1 g4 22.Bf4 Kd7
23.Be2 h5 24.b4 gxh3 25.Kxh3 Ne4 26.b5 Nxf2+ 27.Kh4 axb5 28.axb5 Be4 29.Bg5 Rdf8
30.Bh6 Rc8 31.Rxg8 Rxg8 32.Bxh5 Rh8 33.Bg7 Rh7 34.Rf1 Bg6 35.Rxf2 Rxh5+ 36.Kg3 Rxb5
37.c4 Rb4 38.c5 Kc6 39.Kf4 Kd5 40.Re2 Rb1 41.Rh2 Be4 42.Rh8 f5 43.Be5 Kc4
44.Rh6 Bd5 45.Rh4 Rb3 46.Bf6 Rd3 47.Ke5 Re3+ 48.Kf4 Kd3 49.Bg7 Re4+ 50.Kg3 Rxh4
51.Kxh4 f4 52.Be5 f3 53.Bg3 Ke2  0-1

[Event "WJun"]
[Site "Yerevan ARM"]
[Date "2007.10.12"]
[Round "9"]
[White "Gopal,G"]
[Black "Llaneza Vega,M"]
[Result "1-0"]
[WhiteElo "2520"]
[BlackElo "2426"]

1.e4 c5 2.Nf3 Nc6 3.Nc3 Nf6 4.Bb5 Qc7 5.O-O Nd4 6.d3 a6 7.Ba4 b5 8.Bb3 Nxb3
9.axb3 Bb7 10.e5 Nd5 11.Ne4 f5 12.exf6 exf6 13.c4 Nb6 14.Re1 O-O-O 15.cxb5 axb5
16.Nc3 Bc6 17.d4 b4 18.Na4 Nxa4 19.bxa4 cxd4 20.Nxd4 Bc5 21.Be3 Bxd4 22.Qxd4 Rhe8
23.Rec1 Qe5 24.Qb6 Qd5 25.f3  1-0

[Event "IV Amateur Open"]
[Site "Calvia ESP"]
[Date "2007.10.13"]
[Round "8"]
[White "Rhein,K"]
[Black "Elenius,E"]
[Result "1/2-1/2"]
[WhiteElo "2118"]
[BlackElo "2161"]

1.e4 c5 2.Nc3 Nc6 3.Nf3 d6 4.d4 cxd4 5.Nxd4 Nf6 6.Nb3 e6 7.Bd3 Be7 8.O-O O-O
9.f4 a6 10.Qf3 Qc7 11.Bd2 Rb8 12.Rae1 Nb4 13.Nb5 Qb6+ 14.Be3 Qd8 15.Nc3 Nxd3
16.cxd3 b5 17.g4 b4 18.Ne2 e5 19.f5 Nd7  1/2-1/2

[Event "WJun"]
[Site "Yerevan ARM"]
[Date "2007.10.13"]
[Round "10"]
[White "Bulski,K"]
[Black "Llaneza Vega,M"]
[Result "1/2-1/2"]
[WhiteElo "2421"]
[BlackElo "2426"]

1.e4 c5 2.Nf3 Nc6 3.Nc3 Nf6 4.Bb5 Qc7 5.O-O Nd4 6.Re1 a6 7.Bc4 d6 8.Nd5 Nxd5
9.exd5 g6 10.Nxd4 cxd4 11.d3 h6 12.a4 b6 13.b4 Bg7 14.Qe2 Bf6 15.Qf3 Kf8
16.Bb2 Bd7 17.Re4 Kg7 18.Rae1 Rhe8 19.Bb3 a5 20.Bxd4 Bxd4 21.Rxd4 Qc3 22.Qe4 b5
23.axb5 a4 24.Bc4 a3 25.b6 Reb8 26.Ba2 Qb2 27.Rc4 Qxa2 28.Rc7 Qb2 29.Rxd7 a2
30.Qxe7 Rf8 31.h3 a1=Q 32.Rxa1 Rxa1+ 33.Kh2 Qxb4 34.Qxd6 Rb1 35.Qxb4 Rxb4
36.Rb7 Kf6 37.f4 Rd4 38.c4 Rc8 39.Rd7 Rxd3 40.b7 Rb8 41.c5 Rxb7 42.Rxb7 Rxd5
43.Rc7 Rd3 44.g4 Rf3  1/2-1/2

[Event "WJun"]
[Site "Yerevan ARM"]
[Date "2007.10.14"]
[Round "11"]
[White "Gopal,G"]
[Black "Corrales Jimenez,F"]
[Result "1/2-1/2"]
[WhiteElo "2520"]
[BlackElo "2513"]

1.e4 c5 2.Nf3 Nc6 3.Nc3 g6 4.d4 cxd4 5.Nxd4 Bg7 6.Be3 Nf6 7.Bc4 d6 8.f3 O-O
9.Qd2 Nd7 10.O-O-O Nb6 11.Bb3 Na5 12.Qd3 Bd7 13.h4 Rc8 14.h5 Nbc4 15.hxg6 fxg6
16.Kb1 Nxb3 17.axb3 Nxe3 18.Qxe3 a6 19.f4 Rf7 20.e5 Bg4 21.Nf3 Qf8 22.Ng5 dxe5
23.Nxf7 exf4 24.Qe4 Qxf7 25.Qxb7 Rf8 26.Rde1 e5 27.Qxa6 Bf5 28.Ne4 Rc8 29.Rxh7 Qc7
30.Rxg7+ Kxg7 31.Qf6+ Kg8 32.Nc3 Re8 33.g4 fxg3 34.Qg5 Qb6 35.Qxg3 Qxb3 36.Qg2 Qe6
37.Qd5 Qxd5 38.Nxd5 Kf7 39.b3 Rc8 40.Re2 Ke6 41.Ne3  1/2-1/2

[Event "IV Open"]
[Site "Calvia ESP"]
[Date "2007.10.15"]
[Round "1"]
[White "Mogranzini,R"]
[Black "Givon,A"]
[Result "1/2-1/2"]
[WhiteElo "2415"]
[BlackElo "1937"]

1.e4 c5 2.Nc3 Nc6 3.Bb5 Nd4 4.Bc4 d6 5.Nge2 g6 6.Nxd4 cxd4 7.Qf3 Nf6 8.Ne2 Qb6
9.h3 Bg7 10.c3 dxc3 11.bxc3 Qc6 12.d3 O-O 13.O-O Nd7 14.Qg3 Nc5 15.Qh4 Bf6
16.Qf4 Be6 17.Bxe6 Nxe6 18.Qd2 d5 19.exd5 Qxd5 20.d4 Rac8 21.Qe3 Nc7 22.Qd3 e5
23.c4 Qd7 24.Bh6 Rfd8 25.Qf3 Ne8 26.dxe5 Bxe5 27.Rab1 b6 28.Rb5 Bg7 29.Rd5 Qc7
30.Bxg7 Nxg7 31.Rfd1 Ne6 32.Qf6 Rxd5 33.cxd5 Qd7 34.Qf3 Nc5 35.Nd4 Qd6 36.Nc6 Rc7
37.Re1 Rd7 38.Re2 Kg7 39.Qc3+ f6 40.Qd4 Kf7 41.Re1 Kg7 42.Re8 Kf7 43.Re1 Qxd5
44.Re7+ Kg8 45.Rxd7 Qxd7 46.Qxf6 Qf7 47.Qxf7+ Kxf7 48.Nxa7 Ke6 49.Kf1 Na4
50.Ke1 Nc3 51.a3 Kd5 52.Nc8 b5 53.g3 Nb1 54.a4 bxa4 55.Nb6+ Ke4 56.Nxa4 Kf3
57.Kf1 Nd2+ 58.Ke1  1/2-1/2

[Event "WJun"]
[Site "Yerevan ARM"]
[Date "2007.10.15"]
[Round "12"]
[White "Ashwin,J"]
[Black "Gopal,G"]
[Result "1-0"]
[WhiteElo "2478"]
[BlackElo "2520"]

1.e4 c5 2.Nf3 Nc6 3.Nc3 d6 4.d4 cxd4 5.Nxd4 e5 6.Nf3 Be7 7.Bc4 Nf6 8.Bg5 Be6
9.Bb3 O-O 10.Bxf6 Bxf6 11.O-O Rc8 12.Nd5 Bg5 13.c3 Kh8 14.Qd3 Bh6 15.Rad1 f5
16.Ne3 fxe4 17.Qxe4 Rf4 18.Qc2 Qe7 19.Bxe6 Qxe6 20.Qb3 Qd7 21.Qd5 Rd8 22.Nc4 e4
23.Nfe5 Nxe5 24.Nxe5 Qf5 25.Nc4 Qg6 26.Qxb7 Rg4 27.g3 Bf4 28.Kh1 Re8 29.gxf4 Rh4
30.Qb5 d5 31.Rxd5 Rf8 32.Rg5 Qh6 33.Rg2 Rhxf4 34.Qg5  1-0

[Event "WJun"]
[Site "Yerevan ARM"]
[Date "2007.10.15"]
[Round "12"]
[White "Kalashian,D"]
[Black "Sanikidze,T"]
[Result "1/2-1/2"]
[WhiteElo "2361"]
[BlackElo "2474"]

1.e4 c5 2.Nc3 Nc6 3.Nf3 Nf6 4.Bb5 Nd4 5.e5 Nxb5 6.Nxb5 Nd5 7.Ng5 f6 8.exf6 Nxf6
9.O-O e6 10.d4 Qb6 11.a4 a6 12.dxc5 Bxc5 13.Nc3 O-O 14.Nce4 Nxe4 15.Nxe4 Be7
16.Bg5 Bxg5 17.Nxg5 h6 18.Nf3 Qxb2 19.Rb1 Qa3 20.Qd4 Rf5 21.Ne5 Qf8 22.a5 d6
23.Nc4 Bd7 24.Rxb7 Rf4 25.Qxd6 Bb5 26.Qxe6+ Kh7 27.Ne5 Bxf1 28.Qg6+ Kg8 29.Qe6+ Kh7
30.Qg6+ Kg8  1/2-1/2

[Event "WJun Girls"]
[Site "Yerevan ARM"]
[Date "2007.10.15"]
[Round "12"]
[White "Priya,P"]
[Black "Nebolsina,V"]
[Result "0-1"]
[WhiteElo "2129"]
[BlackElo "2349"]

1.e4 c5 2.Nf3 Nc6 3.Nc3 d6 4.d4 cxd4 5.Nxd4 e5 6.Nxc6 bxc6 7.Bc4 Nf6 8.Bg5 Be7
9.Qd3 h6 10.Bh4 g5 11.Bg3 Qb6 12.O-O h5 13.h4 g4 14.Kh1 Qd4 15.Qe2 Be6 16.Bxe6 fxe6
17.Rad1 Qc5 18.f4 gxf3 19.Rxf3 Ng4 20.b4 Qb6 21.b5 a6 22.Qc4 Kd7 23.Rxd6+ Bxd6
24.Rf7+ Be7 25.bxc6+ Ke8 26.Qxe6 Ra7 27.Rf1 Rf8 28.Qg6+ Kd8 29.Rd1+ Kc8 30.Qe6+ Kb8
31.Nd5 Qc5 32.c7+ Rxc7 33.Nxc7 Qxc7 34.Qxa6 Qb7 35.Qe6 Qb5 36.c4 Qc5 37.Qd7 Qxc4
38.Rb1+ Bb4 39.Qd6+ Kc8 40.Qd1 Ba3 41.Qg1 Rf6 42.Rd1 Qe2 43.Re1 Qd3 44.Re3  0-1

[Event "IV Open"]
[Site "Calvia ESP"]
[Date "2007.10.16"]
[Round "2"]
[White "Teran Alvarez,I"]
[Black "Kuzubov,Y"]
[Result "1/2-1/2"]
[WhiteElo "2402"]
[BlackElo "2582"]

1.e4 c5 2.Nf3 Nc6 3.Nc3 g6 4.d4 cxd4 5.Nxd4 Bg7 6.Be3 Nf6 7.Bc4 O-O 8.Bb3 Qa5
9.O-O d6 10.h3 Bd7 11.f4 Rac8 12.Nd5 Nxd5 13.exd5 Nxd4 14.Bxd4 Bxd4+ 15.Qxd4 Qc5
16.Rad1 b5 17.Rfe1 Rfe8 18.c3 a5 19.a3 Kf8 20.Kf2 Qxd4+ 21.Rxd4 Rc7 22.g4 Rb8
23.Kg3 Rcb7 24.Rde4 Bc8 25.Rf1 Rc7 26.Rfe1 Ba6 27.Rd4 Rbc8 28.Rde4 Bb7 29.Rd4 Rc5
30.Re3 R5c7  1/2-1/2

[Event "IV Open"]
[Site "Calvia ESP"]
[Date "2007.10.17"]
[Round "3"]
[White "Carlsson,P"]
[Black "Hamdouchi,H"]
[Result "1/2-1/2"]
[WhiteElo "2481"]
[BlackElo "2576"]

1.e4 c5 2.Nf3 Nc6 3.Nc3 g6 4.d4 cxd4 5.Nxd4 Bg7 6.Be3 Nf6 7.Bc4 O-O 8.Bb3 d6
9.f3 Bd7 10.h4 Nxd4 11.Bxd4 a5 12.a4 Be6 13.h5 Bxb3 14.cxb3 Nxh5 15.Bxg7 Kxg7
16.Qd2 Rh8 17.g4 Nf6 18.Qh6+ Kg8 19.O-O-O Qf8 20.Qe3 h6 21.e5 dxe5 22.Qxe5 Qb8
23.Qxe7 Qf4+ 24.Kb1 Kg7 25.Rd3 Rhe8 26.Qc5 Re6 27.Nb5 Rae8 28.Nd6 R8e7 29.Rhd1 Re3
30.Rxe3 Qxe3 31.Qxe3 Rxe3 32.Nxb7 Rxf3 33.Nxa5 Nxg4 34.b4 Ne3 35.Rg1 h5 36.b5 h4
37.b6 Rf6 38.b7 Rb6 39.Rh1 g5 40.Rh3 Nf1 41.Ka2 Ng3 42.Rh2 f5 43.Rc2 h3 44.Rc7+ Kg8
45.Rc8+ Kg7 46.Rc7+ Kg8 47.Rc6 Rxb7 48.Nxb7  1/2-1/2

[Event "IV Veterans"]
[Site "Calvia ESP"]
[Date "2007.10.19"]
[Round "5"]
[White "Orcera Gomez,F"]
[Black "Fernandez Martin,M"]
[Result "1-0"]
[WhiteElo "1841"]
[BlackElo "1709"]

1.e4 c5 2.Nc3 Nc6 3.Nf3 d6 4.a3 g6 5.Bc4 Bg7 6.Ng5 e6 7.f4 a6 8.d3 b5 9.Ba2 Nge7
10.Bd2 O-O 11.Rb1 d5 12.O-O Rb8 13.Ne2 Bb7 14.Qe1 Qc7 15.Bc3 h6 16.Bxg7 Kxg7
17.Nf3 c4 18.Qh4 Qb6+ 19.Kh1 f6 20.Ng3 Rbe8 21.Rbe1 Nd4 22.Bb1 Nxf3 23.gxf3 Bc8
24.Rg1 Kh7 25.Re2 Rf7 26.Rge1 Qc7 27.Rf1 d4 28.Ba2 f5 29.Rg2 Rg8 30.Ne2 Qc5
31.Rg3 Rh8 32.Rfg1 Kg7 33.R3g2 Bb7 34.Ng3 Kf8 35.Ne2 Qd6 36.Qf2 e5 37.fxe5 Qxe5
38.Qxd4 Qxd4 39.Nxd4 Rf6 40.h3 Rd6 41.Ne2 cxd3 42.Nc3 dxc2 43.Rxc2 Rd3 44.Kg2 f4
45.Rd1 Rxd1 46.Nxd1 Kg7 47.Rc7  1-0

[Event "TCh-ROU Superliga"]
[Site "Predeal ROU"]
[Date "2007.10.19"]
[Round "7"]
[White "Valeanu,E"]
[Black "Jianu,V"]
[Result "1/2-1/2"]
[WhiteElo "2379"]
[BlackElo "2535"]

1.e4 c5 2.Nc3 Nc6 3.Bb5 Nd4 4.Bc4 e6 5.Nf3 Ne7 6.O-O Nec6 7.d3 Be7 8.Nxd4 cxd4
9.Ne2 O-O 10.f4 d5 11.exd5 exd5 12.Bb3 f5 13.Kh1 Kh8 14.Ng1 Be6 15.Bd2  1/2-1/2

[Event "IV Open"]
[Site "Calvia ESP"]
[Date "2007.10.20"]
[Round "6"]
[White "Orlov,And"]
[Black "Maze,S"]
[Result "1/2-1/2"]
[WhiteElo "2481"]
[BlackElo "2576"]

1.e4 c5 2.Nc3 Nc6 3.Bb5 Nd4 4.Bc4 e6 5.Nge2 a6 6.a4 Ne7 7.O-O Nec6 8.d3 g6
9.Nxd4 cxd4 10.Ne2 Bg7  1/2-1/2

[Event "ch-ISL Rapid"]
[Site "Reykjavik ISL"]
[Date "2007.10.20"]
[Round "4.1"]
[White "Kjartansson,D"]
[Black "Kristjansson,St"]
[Result "1/2-1/2"]
[WhiteElo "2360"]
[BlackElo "2458"]

1.e4 c5 2.Nc3 Nc6 3.Bb5 g6 4.f4 Nd4 5.Ba4 Bg7 6.Nf3 a6 7.Bb3 e6 8.d3 Ne7
9.O-O d5 10.Kh1 O-O 11.Nxd4 cxd4 12.Ne2 dxe4 13.dxe4 b5 14.a4 Bb7 15.Qd3 Qb6
16.Bd2 Rfd8 17.Ng3 Qc6 18.Rf2 h5 19.Re1 bxa4 20.Bc4 Rac8 21.b3 h4 22.Nf1 axb3
23.cxb3 Re8 24.Qh3 Bf6 25.e5 Bg7 26.Qxh4 Nf5 27.Qg4 Bf8 28.Ng3 Ne3 29.Bxe3 dxe3
30.Rfe2 Bb4 31.Rg1 Rcd8 32.f5 exf5 33.Nxf5 Bf8 34.Rxe3 Bc8 35.Rf3 Rxe5 36.Bxf7+ Kxf7
37.Nd4+ Kg7 38.Nxc6 Bxg4 39.Nxe5 Bxf3 40.Nxf3 a5 41.Rb1 Bc5 42.h3 Rb8 43.Rc1 Bd6
44.Rd1 Bg3 45.Nd4 Rb6 46.Kg1 Rf6 47.Nf3 Rb6 48.Nd4 Kf6 49.Kf1 Rd6 50.Ke2 Rb6
51.Rd3 Be5 52.Nf3 Bd6 53.g4 Ke6 54.Ke3 Bc5+ 55.Ke4 Rb4+ 56.Nd4+ Bxd4 57.Rxd4 Rxb3
58.h4 Rb4 59.Rxb4 axb4 60.h5 b3 61.Kd3 gxh5 62.gxh5  1/2-1/2

[Event "Lendas do Xadrez"]
[Site "Rio de Janeiro BRA"]
[Date "2007.10.20"]
[Round "8"]
[White "Fontes,C1"]
[Black "Fucs,P"]
[Result "1-0"]
[WhiteElo "2209"]
[BlackElo "2148"]

1.e4 c5 2.Nc3 Nc6 3.Nf3 a6 4.g3 d6 5.Bg2 Nf6 6.O-O g6 7.d3 Bg7 8.h3 O-O 9.a4 Rb8
10.Bg5 b5 11.Qd2 b4 12.Ne2 e5 13.Nh2 Qc7 14.f4 Ne8 15.f5 f6 16.Be3 Nd4 17.g4 Rf7
18.h4 b3 19.Bxd4 cxd4 20.c3 Qa5 21.Nf3 dxc3 22.Nxc3 Bb7 23.Ne1 Nc7 24.Ra3 Bc6
25.Bf3 Rb4 26.Bd1 Qb6+ 27.Qf2 Qb7 28.Nf3 gxf5 29.gxf5 Bh6 30.Nd2 Rg7+ 31.Kh1 Bxd2
32.Qxd2 d5 33.Bf3 dxe4 34.Nxe4 Bxe4 35.dxe4 Rd4 36.Qe3 Rb4 37.Rd1 Ne8 38.Rd8 Qe7
39.Rxb3 Qxd8 40.Rxb4 Rg3 41.Kh2 Rg7 42.Bh5 Rd7 43.Qb3+ Kh8 44.Rb8 Rd2+ 45.Kh1 Qd4
46.Rxe8+  1-0